Представление документа в формате MARC21

ПолеНазваниеЗначение
  Тип записи a
  Библиографический уровень m
001 Контрольный номер RU/URAIT/587393
005 Дата корректировки 20260429163617.3
008 Кодируемые данные 260429s2026 RU y f j 000 0 rus u
020 Индекс ISBN __
a ISBN 978-5-534-11199-6
c Цена, тираж 1449.00
040 Источник каталогиз. __
a Служба первич. каталог. ИКО Юрайт
c Служба, преобразующая запись ИКО Юрайт
e Правила каталог. RCR
041 Код языка издания __
a Код языка текста rus
044 Код страны публикации __
a Код страны публикации RU
080 Индекс УДК __
a Индекс УДК 502.3(075.32)
084 Индекс другой классификации/Индекс ББК __
2 Источник индекса rubbk
a Индекс другой классификации/Индекс ББК 20.18я723
100 Автор __
a Автор Миронов А. В.
q Полное имя Миронов Анатолий Владимирович
245 Заглавие __
a Заглавие Экологическое воспитание младших школьников
b Продолж. заглавия учебник для спо
c Ответственность А. В. Миронов.
256 Характеристики компьютерного файла __
a Характеристики компьютерного файла Электрон. дан.
260 Выходные данные __
a Место издания Москва
b Издательство Юрайт
c Дата издания 2026
300 Физическое описание __
a Объем 263 с
440 Серия __
a Серия Профессиональное образование
500 Примечания __
a Примечание URL: https://urait.ru/bcode/587393 (дата обращения: 29.04.2026).
520 Аннотация __
a Аннотация Экологическое воспитание — важное направление в системе образования подрастающего поколения. В содержании, методах экологического образования появились новые аспекты, которые педагогу следует учитывать. В курсе рассматриваются: теоретические основы экологического образования младших школьников, методика введения экологических вопросов в содержание курса "Окружающий мир", внеурочная деятельность экологической направленности. Приведены диагностические материалы экологической образованности детей. Обсуждаются вопросы преемственности экологического образования между начальной школой и соседствующими ступенями образования. Содержание курса соответствует актуальным требованиям Федерального государственного образовательного стандарта среднего профессионального образования. Курс может быть использован при подготовке бакалавров — будущих учителей начальных классов, а также учителями начальной школы, педагогами дополнительного образования.
538 Прим. о системных особенностях __
a Прим. о системных особенностях Режим доступа: Электронно-библиотечная система Юрайт, для авториз. пользователей
653 Ключевые слова __
a Ключевые слова Экология
653 Ключевые слова __
a Ключевые слова Естественные науки
653 Ключевые слова __
a Ключевые слова Технические средства обучения с методикой применения в учебно-воспитательном процессе
653 Ключевые слова __
a Ключевые слова Экологическое воспитание младших школьников
653 Ключевые слова __
a Ключевые слова Методическая работа воспитателя
856 Электронный адрес документа 40
n Местонахождение сервера Юрайт
g Электронная книга
q Тип электронного формата html
h Имя пользователя ЮРАЙТ
v Часы доступа к ресурсу 20271231
2 Способ доступа Показать документ
x Служебное примечание https://urait.ru/book/cover/4072FAFF-6F96-48AF-A758-BDF6D515ACFA
u URL https://urait.ru/bcode/587393
856 Электронный адрес документа 48
q Тип электронного формата cover
u URL https://urait.ru/book/cover/4072FAFF-6F96-48AF-A758-BDF6D515ACFA
911 __
u 0030=https://urait.ru/bcode/587393
911 __
u 073a=9785534111996
u 073d=1449.00
911 __
u 106a=s
911 __
u 900l=
952 Тип литературы __
i Дисциплина Технические средства обучения с методикой применения в учебно-воспитательном процессе
952 Тип литературы __
i Дисциплина Экологическое воспитание младших школьников
952 Тип литературы __
i Дисциплина Методическая работа воспитателя